Formación y orientacion laboral
Guardat en:
| Autor principal: | |
|---|---|
| Format: | Llibre |
| Idioma: | espanyol |
| Publicat: |
Madrid
Editex
2007
|
| Matèries: | |
| Etiquetes: |
Afegir etiqueta
Sense etiquetes, Sigues el primer a etiquetar aquest registre!
|
MARC
| LEADER | 00000nam a2200000 a 4500 | ||
|---|---|---|---|
| 001 | UCH3273 | ||
| 003 | CL-VaPUC | ||
| 008 | 090723e20070000SP |||||||||||||||||spa|d | ||
| 020 | |a 8497714156 | ||
| 082 | 0 | 4 | |a 371.425 |b MAR |2 21 |
| 100 | 0 | |a Martínez Gallardo, Enrique |e author |9 538578 | |
| 245 | 1 | 0 | |a Formación y orientacion laboral |
| 300 | |a 120 p | ||
| 942 | |c BK | ||
| 945 | |d 20090723 00:00:00 |a rbrito | ||
| 260 | |a Madrid |b Editex |c 2007 | ||
| 650 | 0 | |a Orientación vocacional |9 255692 | |
| 650 | 0 | |a Formación profesional |9 257232 | |
| 650 | 7 | |a ORIENTADORES |2 CL-VaPUC |9 407371 | |
| 650 | 7 | |a ORIENTACION EDUCACIONAL |2 CL-VaPUC |9 312512 | |
| 583 | |a last modification |c 20090723 00:00:00 |k Rodrigo Vera | ||
| 999 | |c 334890 |d 334888 | ||
| 952 | |0 0 |1 0 |4 0 |6 371_425000000000000_MAR_2007 |7 0 |8 A |9 424158 |a BIBEDU |b BIBEDU |d 2019-11-22 |i 4575393 |o 371.425 MAR 2007 |p 4575393 |r 2019-11-22 |w 2019-11-22 |y BK |k EPE | ||